| 000 | 00412nam a22001697a 4500 | ||
|---|---|---|---|
| 005 | 20160624122413.0 | ||
| 008 | 160624b xxu||||| |||| 00| 0 eng d | ||
| 020 | _a81-7273-244-9 | ||
| 041 | _aeng | ||
| 082 | _b9795 | ||
| 100 |
_aRavindranath, P.K. _92659 |
||
| 245 | _aLectures on Broadcast Journalism | ||
| 260 |
_bAuthors Press _c2004 |
||
| 300 | _a102 | ||
| 650 |
_aMass Communication _92660 |
||
| 942 | _cBK | ||
| 999 |
_c3831 _d3830 |
||